000
00248nam a2200085Ia 4500
245
0
_a
Your kids and divorce
100
_a
WHITEMAN, Thomas A. Wellington (South Africa), 2007
_9
36266
942
_c
BK
008
210819s9999 xx 000 0 und d
999
_c
303081
_d
303079